000 00251nam a2200097Ia 4500
001 647561
005 20250826153705.0
008 250824s9999 xx 000 0 und d
245 0 _aGüney Pasifik Adalarına Yolculuk
_cGülten Dayıoğlu
260 _bALTIN
999 _c647561
_d647561